000 01156nas a2200361 4500
001 BR0300360
003 BR-BrBNA
005 20231205103516.0
007 ta
008 230509b bl.|||p| |||| 00| 00por d
040 _aBR-BrBNA
_bpor
_cBiblioteca Nacional de Agricultura
041 _a(Pt)
072 _aQ54; L01
100 1 _aPaciulli, A.S.
100 1 _aRocha, G.P.
100 1 _aAndrade, I.F. de
100 1 _aMuniz, J.A.
245 1 _aRendimento de matéria seca e proteína bruta de três gramíneas forrageiras do gênero Cynodon avaliadas sob diferentes níveis de adubação nitrogenada e épocas de corte
650 _aCAPIM ESTRELA
650 _aGRAMA BERMUDA
650 _aFERTILIZANTE NITROGENADO
650 _aCAPIM ELEFANTE
650 _aCARNEIRO
650 _aRENDIMENTO
650 _aÉPOCA DE CORTE
650 _aMATÉRIA SECA
650 _aPROTEÍNA BRUTA
650 _aDIGESTIBILIDADE APARENTE
650 _aBROMATOLOGIA
773 0 _tCiência e Agrotecnologia (Brazil)
_xISSN 1413-7054
_g(Jan-Mar 2000), v. 24(1) p. 213-224
_wBR0300360
909 _a202311
_bLúcia
_c55
_dLúcia Elande
942 _2AGRIS
_n0
_cANA
999 _c173248
_d173248